000 00719nam a2200205 4500
003 AM-YEHGA
005 20251204132206.0
008 251104s1962 ru ||||| |||| 00| 0 rus d
040 _aAM-YEHGA
041 0 _arus
100 1 _aКежун, Бронислав Адольфович.
245 1 0 _aМой буланый Пегас :
_bЛит. пародии /
_cБронислав Кежун ; Дружеские шаржи И. Игина.
260 _aМосква :
_bПравда,
_c1962.
300 _a64 с. :
_bил.
440 _aБ-ка "Крокодила"
_n№ 4 309
650 1 4 _aЮмористическая литература
700 1 _aИгин, И.
_eил.
942 _2udc
_cBK
001 2038678
999 _c539049
_d539049